<?xml version="1.0" encoding="UTF-8"?>
<record
    xmlns:xsi="http://www.w3.org/2001/XMLSchema-instance"
    xsi:schemaLocation="http://www.loc.gov/MARC21/slim http://www.loc.gov/standards/marcxml/schema/MARC21slim.xsd"
    xmlns="http://www.loc.gov/MARC21/slim">

  <leader>01618    a2200241   4500</leader>
  <controlfield tag="001">49823</controlfield>
  <controlfield tag="005">20260407155759.0</controlfield>
  <controlfield tag="008">260407a2000    arg                 spa d</controlfield>
  <controlfield tag="003">AR-UNSa-BCEJYS</controlfield>
  <datafield tag="040" ind1=" " ind2=" ">
    <subfield code="a">AR-UNSa-BCEJYS</subfield>
    <subfield code="b">spa</subfield>
    <subfield code="c">AR-UNSa-BCEJYS</subfield>
  </datafield>
  <datafield tag="080" ind1=" " ind2=" ">
    <subfield code="a">658.16</subfield>
    <subfield code="x">Reorganizaci&#xF3;n financiera (Proyectos de inversi&#xF3;n)</subfield>
  </datafield>
  <datafield tag="245" ind1="1" ind2="0">
    <subfield code="a">Evaluaci&#xF3;n de proyectos</subfield>
    <subfield code="p">Gu&#xED;a de ejercicios. Problemas y soluciones</subfield>
  </datafield>
  <datafield tag="020" ind1=" " ind2=" ">
    <subfield code="a">956-278-116-X</subfield>
  </datafield>
  <datafield tag="250" ind1=" " ind2=" ">
    <subfield code="a">2a. ed.</subfield>
  </datafield>
  <datafield tag="264" ind1=" " ind2="1">
    <subfield code="a">Santiago :</subfield>
    <subfield code="b">McGraw-Hill</subfield>
    <subfield code="c">2000</subfield>
  </datafield>
  <datafield tag="300" ind1=" " ind2=" ">
    <subfield code="a">xvi, 354 p.</subfield>
    <subfield code="c">23 cm.</subfield>
  </datafield>
  <datafield tag="505" ind1=" " ind2=" ">
    <subfield code="a">1.  Matem&#xE1;ticas financieras &#x2013; 2. Proyecci&#xF3;n de demanda &#x2013; 3. Estudio de mercado &#x2013; 4. Flujos de cajas proyectados &#x2013; 5.  Elecci&#xF3;n de alternativas tecnol&#xF3;gicas y decisiones de reemplazo &#x2013; 6. Decisiones de tama&#xF1;o y ampliaci&#xF3;n &#x2013; 7. Decisiones de  localizaci&#xF3;n &#x2013; 8. Outsourcing &#x2013; 9. Evaluaci&#xF3;n de proyectos puros &#x2013; 10. Evaluaci&#xF3;n de proyectos financiados &#x2013; 11. An&#xE1;lisis de sensibilidad &#x2013; 12. Matem&#xE1;ticas financieras &#x2013; 13. Proyecci&#xF3;n de demandas &#x2013; 14. Estudios de mercado &#x2013; 15. Flujos de caja proyectados &#x2013; 16. Elecci&#xF3;n de alternativas tecnol&#xF3;gicas y decisiones de reemplazo &#x2013; 17. Decisiones de tama&#xF1;o y ampliaci&#xF3;n &#x2013; 18. Decisiones de localizaci&#xF3;n &#x2013; 19. Outsourcing &#x2013; 20. Evaluaci&#xF3;n de proyectos puros &#x2013; 21. Evaluaci&#xF3;n de proyectos financiados &#x2013; 22. An&#xE1;lisis de sensibilidad.</subfield>
  </datafield>
  <datafield tag="041" ind1=" " ind2=" ">
    <subfield code="a">spa</subfield>
  </datafield>
  <datafield tag="942" ind1=" " ind2=" ">
    <subfield code="c">BK</subfield>
  </datafield>
  <datafield tag="590" ind1=" " ind2=" ">
    <subfield code="a">niveau_biblio:m niveau_hierar:0</subfield>
  </datafield>
  <datafield tag="100" ind1="1" ind2=" ">
    <subfield code="a">Sapag Puelma, Jos&#xE9; Manuel</subfield>
  </datafield>
  <datafield tag="856" ind1="4" ind2="1">
    <subfield code="u">https://www.biblioeco.unsa.edu.ar/pmb/images/libros/L128201.jpg</subfield>
    <subfield code="y">Imagen de portada</subfield>
    <subfield code="q">image/jpeg</subfield>
  </datafield>
  <datafield tag="999" ind1=" " ind2=" ">
    <subfield code="c">4894</subfield>
    <subfield code="d">4894</subfield>
  </datafield>
  <datafield tag="952" ind1=" " ind2=" ">
    <subfield code="0">0</subfield>
    <subfield code="1">0</subfield>
    <subfield code="4">0</subfield>
    <subfield code="7">0</subfield>
    <subfield code="a">BCEJYS</subfield>
    <subfield code="b">BCEJYS</subfield>
    <subfield code="c">16</subfield>
    <subfield code="d">2026-04-07</subfield>
    <subfield code="l">0</subfield>
    <subfield code="o">658.16 S242 2ed.</subfield>
    <subfield code="p">L128201</subfield>
    <subfield code="r">2026-04-07 15:57:59</subfield>
    <subfield code="w">2026-04-07</subfield>
    <subfield code="y">L</subfield>
  </datafield>
</record>
